| 000 | 00479nam a2200145 4500 | ||
|---|---|---|---|
| 001 | 126206 | ||
| 003 | ES-MaACL | ||
| 005 | 20230906192756.0 | ||
| 007 | t| | ||
| 008 | 070214s1971 sp r ||||1| spa d | ||
| 110 | 2 |
_aInstituto de las Siervas de Jesús de la Caridad. _94984 |
|
| 245 | 1 | 0 |
_aDocumentos _b: capitulares Roma 1971 / _cReligiosas Siervas de Jesús de la Caridad. |
| 260 |
_aZaragoza : _b[s. n.], _c1971 ( _fTall. El Noticiero) |
||
| 852 |
_aES-MaACL _jC-42113 _bR.78403 |
||
| 999 |
_c126206 _d126206 |
||